Eurowizja junior 2020 państwa - Statystyki

Ogólne statystyki
  • Ten quiz został rozwiązany 437 razy
  • Średni wynik to 11 z 12
Statystyki odpowiedzi
region Państwo % Poprawnych
Eur. Środkowa Polska
100%
Eur. Zachodnia Francja
97%
Pół. Iberyjski Hiszpania
95%
Eur. Środkowa Niemcy
93%
Eur. Wschodnia Rosja
93%
Eur. Wschodnia Ukraina
93%
Eur. Wschodnia Białoruś
88%
Eurazja Kazachstan
84%
Eur. Zachodnia Holandia
80%
Bałkany Serbia
78%
Eurazja Gruzja
77%
Eur. Południowa Malta
73%
Nie znaleziono quizów pasujących do podanych kryteriów
Rozkład punktacji
Procent ludzi z każdym wynikiem
Percentyl według liczby udzielonych odpowiedzi
Twoja historia wyników
Nie rozwiązałeś tego quizu